000 00596nam a22002297a 4500
003 UA-OsUOA
001 91176
007 ta
008 20121126b un ||||| |||| 00| 0 ukr d
100 _aСизоненко О.
090 _a821.161.2
_bС34
942 _cBK
040 _aUA-OsUOA
_bukr
_cUA-OsUOA
_dUA-OsUOA
245 _aСьомий пагорб
_bповість
300 _a191 с.
955 _a3
041 _aukr
080 _a821.161.2
260 _aК.
_bДніпро
_c1984
650 7 _a82 Література. Літературознавство
_2UDC
999 _c377439
_d377439